00569nam a22001817a 450000500170000001000150001702000260003203500140005803700130007208200110008510000250009624501140012126000400023527000440027530000240031950000190034370000250036220161206122120.0 aENG-116752 a9788184845327c680.00 aEN-100284 bDBAD/PUB a341.48 aGogoi,Chitta Ranjan  aHuman rights : cby Chitta Ranjan Gogoi [and] Jyotirmoyee Baruahbcurrent issues, violation [and] remedies / aNew DelhibRegal Publicationsc2016 aF-159 Rajouri GardenbNew Delhie110027 axii,172p.c23cm(Hb) aIncludes index aBaruah, Jyotirmoyee